100 Größte Ortschaften des Waldviertels - Statistiken

Allgemein
  • Dieses Quiz wurde 52 mal gespielt
  • Das Durchschnittsergebnis liegt bei 35 aus 99
Antwortstatistiken
Bezirk Einwohner Ortschaft % Korrekt
GD 4.520 Gmünd
94%
WT 4.108 Waidhofen an der Thaya
90%
HO 5.395 Horn
87%
KS 14.404 Krems an der Donau
87%
ZT 3.803 Zwettl-NÖ
84%
KR 4.726 Langenlois
77%
ZT 1.077 Groß Gerungs
68%
GD 1.353 Litschau
68%
GD 1.552 Weitra
68%
GD 3.238 Schrems
65%
ZT 1.291 Allentsteig
61%
GD 2.481 Heidenreichstein
61%
ZT 797 Ottenschlag
61%
WT 1.949 Groß-Siegharts
58%
ZT 483 Martinsberg
58%
KR 2.154 Gföhl
55%
ZT 773 Göpfritz an der Wild
55%
ZT 425 Gutenbrunn
55%
KR 1.210 Spitz
55%
WT 1.230 Vitis
55%
KR 1.610 Hadersdorf am Kamp
52%
ZT 615 Langschlag
52%
ZT 846 Schwarzenau
52%
WT 739 Dobersberg
48%
WT 825 Raabs an der Thaya
48%
WT 607 Alt-Dietmanns
45%
GD 680 Dietmanns
45%
HO 1.895 Gars am Kamp
45%
HO 530 Irnfritz
45%
WT 418 Neu-Dietmanns
45%
ME 1.293 Persenbeug
45%
ME 946 Pöggstall
45%
GD 555 Alt-Nagelberg
42%
GD 516 Bad Großpertholz
42%
HO 3.025 Eggenburg
42%
GD 506 Kirchberg am Walde
42%
WT 418 Pfaffenschlag b. WT
42%
KR 498 Rastenfeld
42%
ZT 783 Schweiggers
42%
HO 660 Sigmundsherberg
42%
WT 641 Thaya
42%
ZT 653 Arbesbach
39%
ZT 796 Echsenbach
39%
WT 624 Karlstein an der Thaya
39%
WT 584 Kautzen
39%
KS 2.037 Stein an der Donau
39%
ME 1.163 Yspertal
39%
HO 525 Drosendorf-Stadt
35%
ME 758 Emmersdorf an der Donau
35%
KR 2.125 Rohrendorf bei Krems
35%
KR 965 Senftenberg
35%
GD 445 Brand
32%
KR 1.011 Droß
32%
HO 429 Geras
32%
KS 1.255 Gneixendorf
32%
HO 642 Langau
32%
GD 474 Eggern
29%
KR 1.422 Lengenfeld
29%
KR 500 Peygarten-Ottenstein
29%
GD 701 Amaliendorf
26%
ZT 468 Friedersbach
26%
KR 446 Gedersdorf
26%
ME 492 Hofamt Priel
26%
ZT 462 Jagenbach
26%
KR 931 Weißenkirchen i.d. Wachau
26%
HO 431 Altenburg
23%
HO 511 Frauenhofen
23%
ME 1.063 Klein-Pöchlarn
23%
ZT 577 Rudmanns
23%
KR 582 Schönberg am Kamp
23%
KR 1.392 Straß im Straßertale
23%
GD 531 Hirschbach
19%
KS 1.830 Rehberg
19%
ME 1.117 St. Oswald
19%
ME 547 Artstetten
16%
KS 972 Egelsee
16%
ME 652 Laimbach am Ostrong
16%
ME 691 Gottsdorf
13%
GD 1.024 Hoheneich
13%
KR 569 Imbach
13%
ME 750 Leiben
13%
ME 670 Nöchling
13%
KR 906 Stratzing
13%
KR 692 Brunn im Felde
10%
KR 1.106 Etsdorf am Kamp
10%
ME 605 Krummnußbaum
10%
KS 2.037 Lerchenfeld
10%
KR 621 Schiltern
10%
KR 564 Theiß
10%
HO 635 Weitersfeld
10%
HO 675 Röschitz
6%
GD 425 Ehrendorf
3%
KR 561 Engabrunn
3%
KR 799 Gobbelsburg
3%
KS 1.068 Landersdorf
3%
HO 460 Mödring
3%
GD 466 Niederschrems
3%
HO 412 Thunau am Kamp
3%
KR 768 Zöbing
3%
Keine übereinstimmenden Quizze gefunden
Verteilung der Resultate
Anzahl Personen mit jedem Resultat
Perzentil nach korrekt beantworteten Fragen
Ihre Resultats-Entwicklung
Sie haben dieses Quiz noch nicht gespielt